| 000 | 00546nam a2200157 i 4500 | ||
|---|---|---|---|
| 001 | 59414 | ||
| 003 | ES-MaACL | ||
| 005 | 20230906164028.0 | ||
| 007 | t| | ||
| 008 | 031029s1962 sp ||||1| spa d | ||
| 245 | 0 | 0 |
_aEnsayo de bibliografía jurídica _b: (en español, francés, inglés e italiano). |
| 260 |
_aMadrid : _bMarcial Pons, _c[1962] |
||
| 300 |
_a267 p. ; _c16 cm. |
||
| 505 | 8 | _aContiene: V. I: Derecho privado : (civil, mercantil, internacional privado, romano, obras de Carácter general) | |
| 852 |
_aES-MaACL _jC-23718 _bR.50176 |
||
| 999 |
_c59414 _d59414 |
||